000 00671na a2200253 4500
001 20240
003 MIRAKIL
005 20181213155244.0
008 170116b tu 000 0
020 _a9759731401
035 _a20240
040 _aMilas
_btur
_cTR-AnCHP
041 _atur
082 _a320.9561
_bT86s 2000
090 _a320.9561 T86s 2000
100 _a Turhan, Nesrin
245 _aSiyasetin öte yakası
_cNesrin Turhan
260 _aAnkara
_bRTGD Yayıncılık
_c2000
300 _a208 s.
_c20 sm.
490 _aRTGD yayınları
_v4
650 _aSiyasal durum
_zTürkiye
650 _aSiyaset ve yönetim
_xTarih
_zTürkiye
942 _2ddc
_cBKS
999 _c9387
_d9387